Karl Marx: (Record no. 189641)

MARC details
000 -LEADER
fixed length control field 00575nam a22001817a 4500
005 - DATE AND TIME OF LATEST TRANSACTION
control field 20220708124431.0
010 ## - LCCN (DPL NO)
LC control number ENG-133445
020 ## - INTERNATIONAL STANDARD BOOK NUMBER
International Standard Book Number 8189297244
Terms of availability 200.00
035 ## - SYSTEM CONTROL NUMBER
System control number EN-116977
037 ## - SOURCE OF ACQUISITION
Source of stock number/acquisition DBAD/PUB
082 ## - DEWEY DECIMAL CLASSIFICATION NUMBER
Classification number 921
100 ## - MAIN ENTRY--PERSONAL NAME
Personal name Marx, Karl
245 ## - TITLE STATEMENT
Title Karl Marx:
Remainder of title Most Influential Philosopher of the modern world/
Statement of responsibility, etc Karl Marx
260 ## - PUBLICATION, DISTRIBUTION, ETC. (IMPRINT)
Place of publication, distribution, etc Delhi
Name of publisher, distributor, etc Vijay Goel english-hindi Publisher
Date of publication, distribution, etc 2007
270 ## - ADDRESS
Address S-16, Naveen Shahdara
City Delhi
Postal code 110032
Telephone number 22324833
Electronic mail address goelbooks@rediffmail.com
300 ## - PHYSICAL DESCRIPTION
Extent 152p.
Dimensions 22cm(hb)
942 ## - ADDED ENTRY ELEMENTS (KOHA)
Source of classification or shelving scheme Dewey Decimal Classification
Item type English Books
Classification part 921
Call number suffix MAR
Holdings
Withdrawn status Lost status Not for loan Collection code Home library Current library Date acquired Source of acquisition Cost, normal purchase price Full call number Barcode Cost, replacement price Koha item type
      Non-fiction Sarojini Nagar Sarojini Nagar 08/07/2022 DBAD/PUB 200.00 921 MAR EN-116977 200.00 English Books

© Delhi Public Library
Hit Counter
free hit counter